A guide to econometrics (Record no. 406166)

000 -LEADER
fixed length control field 00366cam a22001457a 4500
008 - FIXED-LENGTH DATA ELEMENTS--GENERAL INFORMATION
fixed length control field 180718b2003 xxu||||| |||| 00| 0 eng d
020 ## - INTERNATIONAL STANDARD BOOK NUMBER
International Standard Book Number 1405115025
082 ## - DEWEY DECIMAL CLASSIFICATION NUMBER
Classification number T108 K385
100 ## - MAIN ENTRY--PERSONAL NAME
Personal name Kennedy, Peter
245 ## - TITLE STATEMENT
Title A guide to econometrics
Statement of responsibility, etc. by Peter Kennedy
250 ## - EDITION STATEMENT
Edition statement 5th ed.
260 ## - PUBLICATION, DISTRIBUTION, ETC.
Place of publication, distribution, etc. Malden
Name of publisher, distributor, etc. Blackwell
Date of publication, distribution, etc. 2003
300 ## - PHYSICAL DESCRIPTION
Extent 623p.
650 ## - SUBJECT ADDED ENTRY--TOPICAL TERM
Topical term or geographic name entry element Econometrics
Holdings
Withdrawn status Lost status Damaged status Not for loan Permanent Location Current Location Date acquired Full call number Barcode Date last seen Price effective from Koha item type
        Indian Institute of Public Administration Indian Institute of Public Administration 2006-11-01 T108 K385 81460 2018-07-21 2018-07-21 Book

Powered by Koha